| Tag |
First Indicator |
Second Indicator |
Subfields |
| LEADER |
00000cgm a2200000za 4500 |
| 001 |
in00003591237 |
| 006 |
m o c |
| 007 |
vz uzazuu |
| 007 |
cr una---unuuu |
| 008 |
150908p20152010cau045 o vlund d |
| 005 |
20260324182057.2 |
| 028 |
5 |
2 |
|a 1140027
|b Kanopy
|
| 035 |
|
|
|a (CaSfKAN)kan1140027
|
| 040 |
|
|
|a VDU
|b eng
|c VDU
|d UtOrBLW
|
| 245 |
0 |
0 |
|a America's 60 Greatest Unsolved Mysteries & Crimes: Episode 1.
|
| 264 |
|
1 |
|a [San Francisco, California, USA] :
|b Kanopy Streaming,
|c 2015.
|
| 300 |
|
|
|a 1 online resource (streaming video file)
|
| 306 |
|
|
|a Duration: 46 minutes
|
| 336 |
|
|
|a two-dimensional moving image
|b tdi
|2 rdacontent
|
| 337 |
|
|
|a computer
|b c
|2 rdamedia
|
| 338 |
|
|
|a online resource
|b cr
|2 rdacarrier
|
| 500 |
|
|
|a Title from title frames.
|
| 518 |
|
|
|a Originally produced by Mill Creek Entertainment in 2010.
|
| 520 |
|
|
|a Where is Natalee Ann Holloway? Could Nicola Tesla's greatest invention power the world for free? Who discovered America first? Did John Wilkes Booth get away with murder? The mystery of Ambrose Bierce. Is Jim Morrison dead? Was Marilyn Monroe murdered? Joseph Smith and the Golden Tablets.
|
| 538 |
|
|
|a Mode of access: World Wide Web.
|
| 546 |
|
|
|a In English
|
| 500 |
|
|
|a Electronic resource.
|
| 653 |
|
|
|a History - Modern
|
| 653 |
|
|
|a Law and Criminal Justice
|
| 653 |
|
|
|a North American Studies
|
| 655 |
|
7 |
|a Nonfiction films.
|2 lcgft
|0 http://id.loc.gov/authorities/genreForms/gf2011026423
|
| 655 |
|
7 |
|a Internet videos.
|2 lcgft
|0 http://id.loc.gov/authorities/genreForms/gf2011026337
|
| 710 |
2 |
|
|a Kanopy (Firm)
|0 http://id.loc.gov/authorities/names/no2014091415
|
| 856 |
4 |
0 |
|u http://proxy.library.tamu.edu/login?url=https://texasam.kanopystreaming.com/node/140028
|z Connect to this streaming video
|t 0
|
| 999 |
f |
f |
|s 4b250c72-c7b8-388d-b6da-c945fcfd20fe
|i caae98df-ac66-390b-a7bc-ec176a7be6ce
|t 0
|
| 952 |
f |
f |
|a Texas A&M University
|b College Station
|c Electronic Resources
|s www_evans
|d Available Online
|t 0
|h No information provided
|
| 998 |
f |
f |
|t 0
|l Available Online
|